El ladron del rayo : (Registro nro. 11110)
[ vista simple ]
| 000 -CABECERA | |
|---|---|
| Longitud fija campo de control | 01122nam a2200265 c 4500 |
| 003 - • IDENTIFICADOR DELl NÚMERO DE CONTROL | |
| Identificador del número de control | CO-ViMGA |
| 005 - • FECHA Y HORA DE LA ÚLTIMA TRANSACCIÓN | |
| Fecha y hora de la última transacción | 20230915224038.0 |
| 008 - • CÓDIGOS DE INFORMACIÓN DE LONGITUD FIJA | |
| Códigos de información de longitud fija | 150122s2014 sp a | |||| 000 1 spa |
| 020 ## - • NÚMERO INTERNACIONAL NORMALIZADO PARA LIBROS | |
| Número Internacional Normalizado para Libros (ISBN) | 9788498386103 |
| 040 ## - FUENTE DE LA CATALOGACIÓN | |
| Centro catalogador de origen | CO-ViMGA |
| Lengua de catalogación | spa |
| Centro transcriptor | CO-ViMGA |
| 041 1# - • CÓDIGO DE LENGUA | |
| Código de lengua original | eng |
| 082 ## - • NÚMERO DE LA CLASIFICACIÓN DECIMAL DEWEY | |
| Número de clasificación (R) | 741.5 |
| Número del ítem | R46l |
| 100 1# - • PUNTO DE ACCESO PRINCIPAL-NOMBRE DE PERSONA | |
| Nombre de persona | Venditti, Robert |
| Fechas asociadas al nombre | 1964- |
| 245 13 - • TITULO PROPIAMENTE DICHO | |
| Título | El ladron del rayo : |
| Resto del título | novela grafica / |
| Mención de responsabilidad, etc. | Rick Riordan ; adaptacion, Robert Venditti ; ilustraciones, Attila Futaki ; color, Jose V̌illarrubia ; diseño, Orpheus Collar ; rotulacion, Chris Dickey ; [traduccion del ingles de Santiago del Rey] |
| 300 ## - • DESCRIPCIÓN FÍSICA | |
| Extensión | 133 p. : |
| Otras características físicas | principalmente il. col. ; |
| Dimensiones | 23 cm. |
| 490 0# - • MENCIÓN DE SERIE | |
| Mención de serie | Percy Jackson y los dioses del Olimpo ; |
| Designación de volumen o secuencia | l. 1 |
| 650 14 - • PUNTO DE ACCESO ADICIONAL DE MATERIA - TÉRMINO DE MATERIA | |
| Término de materia o nombre geográfico como elemento inicial | Dioses griegos |
| Subdivisión de forma | Tiras cómicas, historietas, etc. |
| 650 14 - • PUNTO DE ACCESO ADICIONAL DE MATERIA - TÉRMINO DE MATERIA | |
| Término de materia o nombre geográfico como elemento inicial | Mitologia griega |
| Subdivisión de forma | Tiras cómicas, historietas, etc. |
| 650 14 - • PUNTO DE ACCESO ADICIONAL DE MATERIA - TÉRMINO DE MATERIA | |
| Término de materia o nombre geográfico como elemento inicial | Novelas juveniles estadounidenses |
| 700 1# - • PUNTO DE ACCESO ADICIONAL - NOMBRE DE PERSONA | |
| Nombre de persona | Futaki, Attila |
| Término indicativo de función | dibujante |
| 700 1# - • PUNTO DE ACCESO ADICIONAL - NOMBRE DE PERSONA | |
| Nombre de persona | Riordan, Rick |
| Fechas asociadas al nombre | 1964- |
| Título de la obra | The lightning thief |
| 942 ## - ENTRADA DE ELEMENTOS AGREGADOS (KOHA) | |
| Fuente de clasificaión o esquema | Dewey Decimal Classification |
| Koha [por defecto] tipo de item | LIbro |
| Perdido | Fuente de clasificación o esquema | Estado Físico | No para préstamo | Forma de adquisición | Localización permanente | Localización actual | Fecha adquisición | Préstamos totales | Signatura completa | Código de barras | Fecha última consulta | Número de copia | Fecha del precio de reemplazo | Tipo de item de Koha |
|---|---|---|---|---|---|---|---|---|---|---|---|---|---|---|
| Dewey Decimal Classification | Sala General | Biblioteca Barrio Emporio - Villavicencio | Biblioteca Barrio Emporio - Villavicencio | 08/30/2016 | 741.5 R46l | 30980 | 05/14/2019 | Ej. 1 | 08/30/2016 | LIbro |